000 00529nam a22001577a 4500
005 20251108164101.0
008 250721s1985 xx 000 0 ara d
082 1 4 _a325,3/حور
100 1 _aمجاهد، حورية توفيق
245 1 0 _aالإستعمار كظاهرة عالمية :
_bحول الإستعمار و الإمبرالية و التبعية /
264 1 _aالقاهرة :
_bعالم الكتب،
_c1985.
300 _a213ص : فهارس
650 1 7 _aالإستعمار
942 _2ddc
_cBK
999 _c3187
_d3187